[Event "Regionalliga NO 0607"]
[Site "Bayern"]
[Date "2007.02.04"]
[Round "5.6"]
[White "Hashemi, Abbas"]
[Black "Gradl, Winfried"]
[Result "1-0"]
[WhiteElo "2042"]
[BlackElo "2022"]
[PlyCount "63"]
[EventDate "2006.10.15"]
[EventType "team-tourn"]
[EventRounds "9"]
[EventCountry "GER"]
[SourceTitle "EXT 2008"]
[Source "ChessBase"]
[SourceDate "2007.11.25"]
[SourceVersion "1"]
[SourceVersionDate "2007.11.25"]
[SourceQuality "1"]
[WhiteTeam "Nuernberg Sued SW"]
[BlackTeam "Weiden"]
[WhiteTeamCountry "GER"]
[BlackTeamCountry "GER"]

1. e4 c6 2. d4 d5 3. exd5 cxd5 4. c4 Nf6 5. Nc3 e6 6. Nf3 Bb4 7. Bg5 h6 8. Bxf6 Qxf6 9. Be2 0-0 10. 0-0 dxc4 11. Bxc4 Nd7 12. Qe2 Nb6 13. Bd3 Bxc3 14. bxc3 Nd5 15. Qe4 g6 16. Rac1 Qf5 17. Qxf5 gxf5 18. Rfd1 Bd7 19. Ne5 Bc6 20. Nxc6 bxc6 21. c4 Nf4 22. Bf1 Rab8 23. g3 Ng6 24. d5 c5 25. dxe6 fxe6 26. Rd6 Rfd8 27. Rxe6 Kf7 28. Ra6 Ne5 29. Rxa7+ Kg6 30. Bg2 Rd2 31. Re1 Nd3 32. Re6+ 1-0

[Event "Regionalliga NO 0506"]
[Site "Bayern"]
[Date "2005.12.11"]
[Round "4.5"]
[White "Stephan, Jan"]
[Black "Hashemi, Abbas"]
[Result "0-1"]
[WhiteElo "2047"]
[BlackElo "2050"]
[PlyCount "76"]
[EventDate "2005.10.23"]
[EventType "team-tourn"]
[EventRounds "9"]
[EventCountry "GER"]
[SourceTitle "EXT 2007"]
[Source "ChessBase"]
[SourceDate "2006.11.23"]
[SourceVersion "1"]
[SourceVersionDate "2006.11.23"]
[SourceQuality "1"]

1. d4 Nf6 2. c4 g6 3. Nc3 d5 4. cxd5 Nxd5 5. e4 Nxc3 6. bxc3 Bg7 7. Bc4 c5 8. Ne2 0-0 9. 0-0 Nc6 10. Be3 Qc7 11. Rc1 Rd8 12. Qc2 Na5 13. Bb3 Bd7 14. dxc5 Bb5 15. Rfd1 Nc4 16. Bxc4 Bxc4 17. Nd4 e5 18. Nb3 Bf8 19. Bg5 Be7 20. Bxe7 Qxe7 21. Na5 Rxd1+ 22. Rxd1 Qxc5 23. Nxb7 Qa3 24. Nd6 Qxa2 25. Qxa2 Bxa2 26. Kf1 Be6 27. Ke2 Kf8 28. c4 Ke7 29. c5 a5 30. Kd3 a4 31. Ra1 a3 32. Nb5 a2 33. Nc3 Kd7 34. g3 Kc6 35. f4 Kxc5 36. fxe5 Kb4 37. Nd1 Rd8+ 38. Ke3 Kb3 0-1

[Event "Landesliga Nord 0405"]
[Site "Bayern"]
[Date "2005.02.13"]
[Round "7.2"]
[White "Lorenz, Mark"]
[Black "Hashemi, Abbas"]
[Result "1-0"]
[WhiteElo "2204"]
[BlackElo "2075"]
[PlyCount "31"]
[EventDate "2004.10.24"]
[EventType "team-tourn"]
[EventRounds "9"]
[EventCountry "GER"]
[SourceTitle "EXT 2008"]
[Source "ChessBase"]
[SourceDate "2007.11.25"]
[SourceVersion "1"]
[SourceVersionDate "2007.11.25"]
[SourceQuality "1"]
[WhiteTeam "Marktleuthen"]
[BlackTeam "Nuernberg Sued SW"]
[WhiteTeamCountry "GER"]
[BlackTeamCountry "GER"]

1. g3 e5 2. c4 c6 3. d4 e4 4. Nc3 f5 5. f3 d5 6. Bg2 Be6 7. cxd5 cxd5 8. Nh3 Nf6 9. Bg5 Bb4 10. Bxf6 gxf6 11. Nf4 Qd7 12. Bh3 exf3 13. 0-0 Bxc3 14. bxc3 Bf7 15. Qd3 Bg6 16. Qxf3 1-0

[Event "Regionalliga NO 0304"]
[Site "Bayern"]
[Date "2004.04.25"]
[Round "9.2"]
[White "Hashemi, Abbas"]
[Black "Stielfried, Martin"]
[Result "0-1"]
[WhiteElo "2095"]
[BlackElo "2183"]
[PlyCount "48"]
[EventDate "2003.10.??"]
[EventType "team-tourn"]
[EventRounds "9"]
[EventCountry "GER"]
[SourceTitle "EXT 2006"]
[Source "ChessBase"]
[SourceDate "2005.11.24"]
[SourceVersion "1"]
[SourceVersionDate "2005.11.24"]
[SourceQuality "1"]
[WhiteTeam "Nuernberg Sued SW"]
[BlackTeam "Regensburg Bavaria"]
[WhiteTeamCountry "GER"]
[BlackTeamCountry "GER"]

1. e4 c5 2. c3 d6 3. d4 Nf6 4. Bd3 e5 5. Ne2 Be7 6. 0-0 0-0 7. d5 Nbd7 8. c4 Ne8 9. Nbc3 Bg5 10. g4 Bxc1 11. Rxc1 Qg5 12. Ng3 Ndf6 13. f3 h5 14. h3 g6 15. Qe2 Kg7 16. Qf2 hxg4 17. fxg4 Rh8 18. Kg2 Bxg4 19. hxg4 Rh2+ 20. Kxh2 Nxg4+ 21. Kg2 Nxf2 22. Kxf2 Nf6 23. Nf5+ gxf5 24. Rg1 Ng4+ 0-1

[Event "Regionalliga NO 0304"]
[Site "Bayern"]
[Date "2004.03.07"]
[Round "7.2"]
[White "Hashemi, Abbas"]
[Black "Albrecht, Hans"]
[Result "1-0"]
[WhiteElo "2095"]
[BlackElo "2136"]
[PlyCount "91"]
[EventDate "2003.10.??"]
[EventType "team-tourn"]
[EventRounds "9"]
[EventCountry "GER"]
[SourceTitle "EXT 2006"]
[Source "ChessBase"]
[SourceDate "2005.11.24"]
[SourceVersion "1"]
[SourceVersionDate "2005.11.24"]
[SourceQuality "1"]
[WhiteTeam "Nuernberg Sued SW"]
[BlackTeam "Nuernberg NT II"]
[WhiteTeamCountry "GER"]
[BlackTeamCountry "GER"]

1. d4 Nf6 2. c4 e6 3. Nc3 Bb4 4. Nf3 0-0 5. Bg5 h6 6. Bh4 d5 7. e3 Nbd7 8. cxd5 exd5 9. Bd3 Re8 10. 0-0 c6 11. a3 Bd6 12. b4 a6 13. Qb3 Qc7 14. a4 Ne4 15. Bg3 Nxg3 16. hxg3 Nf6 17. Rac1 Qe7 18. b5 axb5 19. axb5 Bxg3 20. Ne2 Bd6 21. bxc6 bxc6 22. Rxc6 Bd7 23. Rb6 Bc7 24. Ra6 Rxa6 25. Bxa6 Bg4 26. Bd3 Rd8 27. Nc3 Bb8 28. Rb1 g5 29. Qb4 Qe6 30. Qb6 Rc8 31. Qxe6 fxe6 32. Na4 Bxf3 33. gxf3 e5 34. Bf5 Rd8 35. Rb6 Bd6 36. Nc5 Bxc5 37. dxc5 Kf7 38. Rb7+ Kf8 39. c6 Ne8 40. c7 Nxc7 41. Rxc7 d4 42. exd4 exd4 43. Bd3 Rd6 44. Kg2 Rf6 45. Rd7 Rf4 46. Be4 1-0

[Event "Regionalliga NO 0304"]
[Site "Bayern"]
[Date "2003.11.23"]
[Round "3.2"]
[White "Hashemi, Abbas"]
[Black "Hlavac, Rudolf"]
[Result "1/2-1/2"]
[WhiteElo "2095"]
[BlackElo "2083"]
[PlyCount "103"]
[EventDate "2003.10.??"]
[EventType "team-tourn"]
[EventRounds "9"]
[EventCountry "GER"]
[SourceTitle "EXT 2006"]
[Source "ChessBase"]
[SourceDate "2005.11.24"]
[SourceVersion "1"]
[SourceVersionDate "2005.11.24"]
[SourceQuality "1"]
[WhiteTeam "Nuernberg Sued SW"]
[BlackTeam "Weiden"]
[WhiteTeamCountry "GER"]
[BlackTeamCountry "GER"]

1. e4 c5 2. c3 d5 3. exd5 Qxd5 4. d4 Nf6 5. Nf3 e6 6. Be2 Nc6 7. 0-0 cxd4 8. cxd4 Be7 9. Nc3 Qd6 10. Nb5 Qd8 11. Ne5 0-0 12. Be3 Nd5 13. Qc1 Nxe3 14. Qxe3 Bf6 15. Rfd1 Nb4 16. Qb3 Nd5 17. Bf3 b6 18. Nc3 Bb7 19. Ne4 Qe7 20. Rac1 Rfc8 21. Nc4 Rd8 22. a4 Rac8 23. a5 Ba6 24. axb6 Rxc4 25. Nxf6+ gxf6 26. Rxc4 Bxc4 27. Qxc4 axb6 28. Qc6 Qb4 29. Qc2 Ne7 30. Qc3 Qxc3 31. bxc3 Rc8 32. Rc1 Nf5 33. d5 Rc5 34. dxe6 fxe6 35. h3 Nd4 36. Rb1 Nxf3+ 37. gxf3 b5 38. Kg2 Rg5+ 39. Kf1 Kf7 40. Ke2 Kg6 41. Rb4 Rc5 42. Kd3 h5 43. Rd4 e5 44. Rb4 Kf5 45. Rh4 Kg6 46. Rb4 Kf5 47. Rh4 Ke6 48. Kd2 Rc4 49. Rxh5 Rf4 50. Ke3 Rc4 51. Kd3 Rf4 52. Ke3 1/2-1/2

[Event "Regionalliga NO 0203"]
[Site "Bayern"]
[Date "2003.02.23"]
[Round "7.1"]
[White "Hashemi, Abbas"]
[Black "Liepold, Stefan"]
[Result "1/2-1/2"]
[WhiteElo "2092"]
[BlackElo "2217"]
[PlyCount "48"]
[EventDate "2002.10.20"]
[EventType "team-tourn"]
[EventRounds "9"]
[EventCountry "GER"]
[SourceTitle "EXT 2004"]
[Source "ChessBase"]
[SourceDate "2003.11.25"]
[SourceVersion "1"]
[SourceVersionDate "2003.11.25"]
[SourceQuality "1"]
[WhiteTeam "Nuernberg Sued SW"]
[BlackTeam "Erlangen"]
[WhiteTeamCountry "GER"]
[BlackTeamCountry "GER"]

1. e4 e6 2. d4 d5 3. Be3 dxe4 4. Nd2 Nf6 5. f3 Nc6 6. c3 e5 7. dxe5 Nxe5 8. Nxe4 Qxd1+ 9. Rxd1 Nxe4 10. fxe4 Be6 11. Bd4 Nc6 12. Bb5 a6 13. Bxc6+ bxc6 14. a3 0-0-0 15. b4 Bb3 16. Rd2 Re8 17. Re2 Bc4 18. Re3 Bd6 19. g3 f5 20. Ne2 Be5 21. Kd2 Bxe2 22. Rxe2 Bxd4 23. cxd4 fxe4 24. Rhe1 Rhf8 1/2-1/2

[Event "Kallithea op"]
[Site "Kallithea"]
[Date "2002.09.02"]
[Round "6"]
[White "Gogolis, Alexandros"]
[Black "Hashemi, Abbas"]
[Result "1-0"]
[WhiteElo "2230"]
[BlackElo "2142"]
[PlyCount "51"]
[EventDate "2002.??.??"]
[EventType "swiss"]
[EventRounds "9"]
[EventCountry "GRE"]
[SourceTitle "EXT 2004"]
[Source "ChessBase"]
[SourceDate "2003.11.25"]
[SourceVersion "1"]
[SourceVersionDate "2003.11.25"]
[SourceQuality "1"]

1. d4 Nf6 2. Nf3 e6 3. Bf4 c5 4. e3 Nc6 5. c3 d5 6. Nbd2 Be7 7. Bd3 0-0 8. h4 Re8 9. Ne5 Nxe5 10. dxe5 Nd7 11. Qh5 f5 12. Qe2 c4 13. Bc2 Nc5 14. Nf3 Qd7 15. Nd4 a6 16. g4 fxg4 17. Rd1 Bf8 18. Qxg4 Qf7 19. h5 b5 20. Bg6 Qd7 21. Ke2 Rd8 22. Rdg1 Ra7 23. Bxh7+ Kxh7 24. Qg6+ Kg8 25. h6 Qe8 26. Qh7+ 1-0

[Event "Kallithea op"]
[Site "Kallithea"]
[Date "2002.09.01"]
[Round "5"]
[White "Hashemi, Abbas"]
[Black "Stiri, Alexandra"]
[Result "1-0"]
[WhiteElo "2142"]
[BlackElo "2145"]
[PlyCount "61"]
[EventDate "2002.??.??"]
[EventType "swiss"]
[EventRounds "9"]
[EventCountry "GRE"]
[SourceTitle "EXT 2004"]
[Source "ChessBase"]
[SourceDate "2003.11.25"]
[SourceVersion "1"]
[SourceVersionDate "2003.11.25"]
[SourceQuality "1"]

1. e4 c5 2. Nf3 e6 3. d4 cxd4 4. Nxd4 a6 5. Nc3 b5 6. Bd3 Bb7 7. 0-0 Qc7 8. Re1 h5 9. Nd5 exd5 10. exd5+ Ne7 11. Be4 d6 12. Bf4 Nd7 13. Nc6 Bxc6 14. dxc6 Ne5 15. Bxe5 0-0-0 16. Bg3 h4 17. Qg4+ Kb8 18. Bf4 h3 19. Qd1 hxg2 20. b4 g5 21. Bxg5 d5 22. Bxg2 Qxh2+ 23. Kf1 Rg8 24. Qd2 Bh6 25. Qf4+ Qxf4 26. Bxf4+ Bxf4 27. Rxe7 f6 28. a4 Be5 29. c3 Rge8 30. Rb7+ Kc8 31. Bh3+ 1-0

[Event "Landesliga Nord 0001"]
[Site "Bayern"]
[Date "2001.04.29"]
[Round "9"]
[White "Hashemi, Abbas"]
[Black "Dahlheimer, Bernd"]
[Result "0-1"]
[WhiteElo "2050"]
[BlackElo "2160"]
[PlyCount "88"]
[EventDate "2000.10.15"]
[EventType "team-tourn"]
[EventRounds "9"]
[EventCountry "GER"]
[SourceTitle "EXT 2020"]
[Source "ChessBase"]
[SourceDate "2019.10.17"]
[SourceVersion "1"]
[SourceVersionDate "2019.10.17"]
[SourceQuality "1"]
[WhiteTeam "Fuerth SF"]
[BlackTeam "Dettingen"]
[WhiteTeamCountry "GER"]
[BlackTeamCountry "GER"]

1. e4 c5 2. c3 Nf6 3. e5 Nd5 4. d4 cxd4 5. Nf3 e6 6. cxd4 b6 7. Nc3 Nxc3 8. bxc3 Qc7 9. Bd2 Bb7 10. Bd3 d6 11. 0-0 Nd7 12. Re1 dxe5 13. Nxe5 Nxe5 14. Rxe5 Bd6 15. Bb5+ Bc6 16. Qf3 0-0-0 17. Bxc6 Bxe5 18. Bb5 Kb8 19. a4 a5 20. Be3 Bxh2+ 21. Kh1 Bd6 22. c4 Qe7 23. Kg1 f5 24. c5 bxc5 25. dxc5 Bxc5 26. Ba6 Rd5 27. Rb1+ Bb4 28. Bf4+ Ka8 29. Bc4 Rhd8 30. Rd1 Qb7 31. Rc1 Rd4 32. Be2 Bd6 33. Bg5 Rb8 34. Rc6 Qb1+ 35. Bf1 Qe4 36. Ra6+ Kb7 37. Qh5 Bc7 38. g3 Qe1 39. Qf3+ Re4 40. Rxe6 Ka7 41. Qxf5 Rxe6 42. Qd3 Rb1 43. Be3+ Kb8 44. Kg2 Qxf1+ 0-1

[Event "Landesliga Nord 0001"]
[Site "Bayern"]
[Date "2001.03.11"]
[Round "7"]
[White "Hashemi, Abbas"]
[Black "Soergel, Frank"]
[Result "1-0"]
[WhiteElo "2090"]
[BlackElo "2025"]
[PlyCount "101"]
[EventDate "2000.10.15"]
[EventType "team-tourn"]
[EventRounds "9"]
[EventCountry "GER"]
[SourceTitle "EXT 2020"]
[Source "ChessBase"]
[SourceDate "2019.10.17"]
[SourceVersion "1"]
[SourceVersionDate "2019.10.17"]
[SourceQuality "1"]
[WhiteTeam "Fuerth SF"]
[BlackTeam "Schwabach"]
[WhiteTeamCountry "GER"]
[BlackTeamCountry "GER"]

1. e4 c5 2. c3 Nf6 3. e5 Nd5 4. d4 cxd4 5. Nf3 e6 6. cxd4 b6 7. Bd3 Bb4+ 8. Bd2 Bxd2+ 9. Qxd2 Ba6 10. 0-0 Bxd3 11. Qxd3 0-0 12. Nc3 Nxc3 13. bxc3 d5 14. exd6 Qxd6 15. Ng5 g6 16. Qh3 h5 17. Rfe1 Qf4 18. Ne4 Nd7 19. Re3 Qg4 20. Qxg4 hxg4 21. f3 gxf3 22. Rxf3 e5 23. g4 exd4 24. cxd4 Rae8 25. Rf4 Kg7 26. Rc1 Rc8 27. Rxc8 Rxc8 28. Rxf7+ Kxf7 29. Nd6+ Ke6 30. Nxc8 a6 31. Kf2 Nf6 32. Nxb6 Nxg4+ 33. Kg3 Ne3 34. Kf4 Nf5 35. d5+ Kf6 36. Nd7+ Ke7 37. Ne5 Kf6 38. Ng4+ Ke7 39. Ke5 Nd6 40. Ne3 Nf7+ 41. Kd4 Ng5 42. Kc5 Nf3 43. d6+ Kd8 44. Ng4 Kd7 45. Kd5 Kd8 46. a4 a5 47. h3 Ng5 48. Kc6 Nf7 49. h4 Kc8 50. Kd5 g5 51. h5 1-0

[Event "Landesliga Nord 0001"]
[Site "Bayern"]
[Date "2001.01.14"]
[Round "4"]
[White "Hashemi, Abbas"]
[Black "Dietrich, Reinhard"]
[Result "1/2-1/2"]
[WhiteElo "2050"]
[BlackElo "2094"]
[PlyCount "55"]
[EventDate "2000.10.15"]
[EventType "team-tourn"]
[EventRounds "9"]
[EventCountry "GER"]
[SourceTitle "EXT 2020"]
[Source "ChessBase"]
[SourceDate "2019.10.17"]
[SourceVersion "1"]
[SourceVersionDate "2019.10.17"]
[SourceQuality "1"]
[WhiteTeam "Fuerth SF"]
[BlackTeam "Neutraubling Wacker"]
[WhiteTeamCountry "GER"]
[BlackTeamCountry "GER"]

1. e4 e6 2. d4 d5 3. Be3 dxe4 4. Nd2 Nf6 5. f3 Nd5 6. Qe2 Nc6 7. c3 exf3 8. Ngxf3 Be7 9. Nc4 0-0 10. Bd2 Re8 11. Qf2 f6 12. Bd3 e5 13. dxe5 fxe5 14. 0-0 Bf6 15. Ng5 g6 16. Be4 Nf4 17. Bxf4 exf4 18. Rad1 Bd4 19. cxd4 Qxg5 20. Qxf4 Qxf4 21. Rxf4 Ne7 22. Rdf1 Rb8 23. Ne5 Be6 24. a3 c6 25. Rf6 Bf5 26. Bf3 Rbd8 27. g4 Bc8 28. Rf4 1/2-1/2

[Event "Landesliga Nord 0001"]
[Site "Bayern"]
[Date "2000.10.15"]
[Round "1"]
[White "Link, Klaus"]
[Black "Hashemi, Abbas"]
[Result "1/2-1/2"]
[WhiteElo "1905"]
[BlackElo "2050"]
[PlyCount "45"]
[EventDate "2000.10.15"]
[EventType "team-tourn"]
[EventRounds "9"]
[EventCountry "GER"]
[SourceTitle "EXT 2020"]
[Source "ChessBase"]
[SourceDate "2019.10.17"]
[SourceVersion "1"]
[SourceVersionDate "2019.10.17"]
[SourceQuality "1"]
[WhiteTeam "Obernburg"]
[BlackTeam "Fuerth SF"]
[WhiteTeamCountry "GER"]
[BlackTeamCountry "GER"]

1. e4 c6 2. d4 d5 3. exd5 cxd5 4. c4 Nf6 5. Nc3 e6 6. Nf3 Bb4 7. Bd3 Nc6 8. 0-0 dxc4 9. Bxc4 0-0 10. Bg5 h6 11. Bh4 Be7 12. Rc1 a6 13. a4 Nd5 14. Bxe7 Nxc3 15. Bxd8 Nxd1 16. Rfxd1 Rxd8 17. d5 exd5 18. Bxd5 Bd7 19. Rd2 Rac8 20. h3 Be8 21. Kh2 Kf8 22. Rcd1 Rd6 23. Be4 1/2-1/2

[Event "Oberliga Bayern 9900"]
[Site "Bayern"]
[Date "2000.04.09"]
[Round "9.6"]
[White "Zellner, Richard"]
[Black "Hashemi, Abbas"]
[Result "1/2-1/2"]
[WhiteElo "2180"]
[BlackElo "2070"]
[PlyCount "122"]
[EventDate "1999.10.10"]
[EventType "team-tourn"]
[EventRounds "9"]
[EventCountry "GER"]
[SourceTitle "EXT 2020"]
[Source "ChessBase"]
[SourceDate "2019.10.17"]
[SourceVersion "1"]
[SourceVersionDate "2019.10.17"]
[SourceQuality "1"]
[WhiteTeam "Schwabing SG Nord"]
[BlackTeam "Fuerth SF"]
[WhiteTeamCountry "GER"]
[BlackTeamCountry "GER"]

1. e4 c5 2. c3 d5 3. exd5 Qxd5 4. d4 Nf6 5. Nf3 Bg4 6. Be2 e6 7. 0-0 Be7 8. c4 Qd8 9. dxc5 Qxd1 10. Bxd1 0-0 11. h3 Bf5 12. Be3 Bd3 13. Re1 Bxc4 14. Ne5 Bd5 15. Nc3 Na6 16. Rc1 Bc6 17. Nxc6 bxc6 18. Bf3 Bxc5 19. Bxc6 Rab8 20. b3 Ba3 21. Rcd1 Bb4 22. Bd2 Rfd8 23. Re3 Rd6 24. Bf3 Rbd8 25. Bc1 Rxd1+ 26. Nxd1 h6 27. Nc3 Bc5 28. Re1 Nb4 29. Rd1 Rxd1+ 30. Bxd1 Bd4 31. Bd2 Nd3 32. Nb5 Bxf2+ 33. Kf1 Bc5 34. Ke2 Ne5 35. b4 Bb6 36. a4 a6 37. Na3 Ne4 38. Be1 Kf8 39. Bc2 Nd6 40. Bc3 Nc6 41. a5 Bd4 42. Kd3 Bxc3 43. Kxc3 Ke7 44. Bd3 Nb8 45. Kd4 Kd7 46. Nb1 Kc6 47. Nc3 Nb5+ 48. Nxb5 axb5 49. Be4+ Kd6 50. Bb7 f5 51. Bc8 Nc6+ 52. Kc3 Na7 53. Bb7 h5 54. h4 g6 55. g3 e5 56. Kd3 Ke6 57. Ke3 Kf6 58. Bf3 e4 59. Bd1 Nc6 60. Be2 Nxb4 61. Bxb5 Nd5+ 1/2-1/2

[Event "Oberliga Bayern 9900"]
[Site "Bayern"]
[Date "2000.02.20"]
[Round "6.7"]
[White "Hashemi, Abbas"]
[Black "Reiser, Wolfgang"]
[Result "0-1"]
[WhiteElo "2129"]
[BlackElo "2120"]
[PlyCount "78"]
[EventDate "1999.10.10"]
[EventType "team-tourn"]
[EventRounds "9"]
[EventCountry "GER"]
[SourceTitle "EXT 2001"]
[Source "ChessBase"]
[SourceDate "2000.11.22"]
[SourceVersion "1"]
[SourceVersionDate "2000.11.22"]
[SourceQuality "1"]
[WhiteTeam "Fuerth SF"]
[BlackTeam "Nuernberg Noris Tarrasch"]
[WhiteTeamCountry "GER"]
[BlackTeamCountry "GER"]

1. e4 e5 2. Nf3 Nc6 3. Bc4 Nf6 4. d4 exd4 5. e5 d5 6. Bb5 Ne4 7. Nxd4 Bd7 8. Bxc6 bxc6 9. 0-0 Be7 10. f3 Nc5 11. f4 Ne4 12. f5 c5 13. Nb3 Bb5 14. Rf3 Qd7 15. Nc3 Nxc3 16. bxc3 0-0-0 17. Be3 Qc6 18. Qd2 Bc4 19. Qf2 d4 20. cxd4 Bxb3 21. axb3 cxd4 22. Bf4 Bc5 23. Rd3 Rhe8 24. Qe2 Bb6 25. Bg3 Rd5 26. Rf1 Rc5 27. Rf2 Ra5 28. h3 Ra2 29. Kh2 Kb8 30. Qd1 Kb7 31. Re2 Qb5 32. c4 Qa5 33. Rxa2 Qxa2 34. Qf3+ Kb8 35. Qc6 Rd8 36. e6 fxe6 37. fxe6 Qa3 38. Be5 Qe7 39. Qb5 Qxe6 0-1

[Event "Oberliga Bayern 9900"]
[Site "Bayern"]
[Date "2000.01.09"]
[Round "4.5"]
[White "Hashemi, Abbas"]
[Black "Kaiser, Wolfgang"]
[Result "1/2-1/2"]
[WhiteElo "2090"]
[BlackElo "2243"]
[PlyCount "79"]
[EventDate "1999.10.10"]
[EventType "team-tourn"]
[EventRounds "9"]
[EventCountry "GER"]
[SourceTitle "EXT 2020"]
[Source "ChessBase"]
[SourceDate "2019.10.17"]
[SourceVersion "1"]
[SourceVersionDate "2019.10.17"]
[SourceQuality "1"]
[WhiteTeam "Fuerth SF"]
[BlackTeam "Passau II"]
[WhiteTeamCountry "GER"]
[BlackTeamCountry "GER"]

1. e4 c5 2. c3 d6 3. d4 Nf6 4. f3 Nc6 5. Be3 e6 6. Bd3 Be7 7. Ne2 0-0 8. 0-0 b6 9. Nd2 Bb7 10. a3 e5 11. d5 Nb8 12. Ng3 g6 13. Bh6 Re8 14. f4 Nbd7 15. f5 Bf8 16. Bg5 a6 17. Qf3 Bg7 18. Nc4 h6 19. Bxf6 Nxf6 20. Ne3 Rf8 21. Ng4 Nxg4 22. Qxg4 h5 23. Qf3 Qg5 24. Rf2 b5 25. c4 bxc4 26. Bxc4 Bh6 27. Qd3 Qe3 28. Nf1 Qxd3 29. Bxd3 Bc8 30. fxg6 fxg6 31. Rxf8+ Kxf8 32. h3 Rb8 33. Rb1 a5 34. b3 Bd7 35. a4 Ke7 36. Kf2 Rb4 37. Ke2 h4 38. Nd2 Bxd2 39. Kxd2 Rb8 40. Kc3 1/2-1/2

[Event "Landesliga Nord 9899"]
[Site "Bayern"]
[Date "1999.05.30"]
[Round "9.3"]
[White "Frieser, Klaus"]
[Black "Hashemi, Abbas"]
[Result "1/2-1/2"]
[WhiteElo "2160"]
[BlackElo "2105"]
[PlyCount "49"]
[EventDate "1998.10.11"]
[EventType "team-tourn"]
[EventRounds "9"]
[EventCountry "GER"]
[SourceTitle "EXT 2020"]
[Source "ChessBase"]
[SourceDate "2019.10.17"]
[SourceVersion "1"]
[SourceVersionDate "2019.10.17"]
[SourceQuality "1"]
[WhiteTeam "Kelheim"]
[BlackTeam "Fuerth SF"]
[WhiteTeamCountry "GER"]
[BlackTeamCountry "GER"]

1. d4 Nf6 2. c4 g6 3. Nc3 d5 4. Nf3 Bg7 5. cxd5 Nxd5 6. e4 Nxc3 7. bxc3 c5 8. Bb5+ Bd7 9. Be2 0-0 10. 0-0 Bg4 11. Be3 cxd4 12. cxd4 Nc6 13. Rb1 Bxf3 14. Bxf3 Nxd4 15. Rxb7 e5 16. Qa4 a5 17. Rfb1 Qc8 18. Bxd4 exd4 19. e5 Bxe5 20. R7b5 Rb8 21. Rxb8 Bxb8 22. Qxd4 Qc2 23. Qb2 Qc7 24. g3 Ba7 25. Qe2 1/2-1/2

[Event "Landesliga Nord 9899"]
[Site "Bayern"]
[Date "1999.04.11"]
[Round "7.3"]
[White "Reis, Gerhard"]
[Black "Hashemi, Abbas"]
[Result "1/2-1/2"]
[WhiteElo "2215"]
[BlackElo "2105"]
[PlyCount "25"]
[EventDate "1998.10.11"]
[EventType "team-tourn"]
[EventRounds "9"]
[EventCountry "GER"]
[SourceTitle "EXT 2020"]
[Source "ChessBase"]
[SourceDate "2019.10.17"]
[SourceVersion "1"]
[SourceVersionDate "2019.10.17"]
[SourceQuality "1"]
[WhiteTeam "Zirndorf"]
[BlackTeam "Fuerth SF"]
[WhiteTeamCountry "GER"]
[BlackTeamCountry "GER"]

1. Nf3 Nf6 2. c4 g6 3. Nc3 d5 4. cxd5 Nxd5 5. e4 Nxc3 6. bxc3 Bg7 7. d4 c5 8. Be2 0-0 9. Rb1 cxd4 10. cxd4 Qa5+ 11. Bd2 Qxa2 12. 0-0 a5 13. Rb3 1/2-1/2

[Event "Bayern-chB 70th"]
[Site "Fuerth"]
[Date "1999.??.??"]
[Round "?"]
[White "Hashemi, Abbas"]
[Black "Ewald, Alexander"]
[Result "1/2-1/2"]
[WhiteElo "2129"]
[BlackElo "2118"]
[PlyCount "84"]
[EventDate "1999.09.04"]
[EventType "swiss"]
[EventRounds "9"]
[EventCountry "GER"]
[SourceTitle "EXT 2001"]
[Source "ChessBase"]
[SourceDate "2000.11.22"]
[SourceVersion "1"]
[SourceVersionDate "2000.11.22"]
[SourceQuality "1"]

1. e4 c5 2. c3 d6 3. d4 Nf6 4. f3 d5 5. e5 Nfd7 6. Be3 e6 7. f4 cxd4 8. cxd4 Qb6 9. Qd2 Nc6 10. Nf3 f5 11. exf6 Nxf6 12. Bd3 Ng4 13. Bg1 Bd7 14. h3 Nh6 15. Nc3 0-0-0 16. Bf2 g6 17. Rc1 Kb8 18. 0-0 Bg7 19. Rfe1 Nf7 20. a3 Ne7 21. b4 Nf5 22. Bf1 Rc8 23. Ne5 Nxe5 24. dxe5 Qd8 25. b5 Qa5 26. g4 Ne7 27. Qd4 Rc7 28. Na4 Nc8 29. Nc5 Bf8 30. a4 Nb6 31. Nb3 Qb4 32. Qxb4 Bxb4 33. Rxc7 Kxc7 34. Rc1+ Kb8 35. a5 Na4 36. Bd4 b6 37. axb6 axb6 38. Kf2 Rc8 39. Rxc8+ Kxc8 40. Ke3 Nc5 41. Na1 Ba3 42. Nc2 Bc1+ 1/2-1/2

[Event "Mittelfranken-ch HT 48th"]
[Site "Puschendorf"]
[Date "1999.??.??"]
[Round "5"]
[White "Willim, Michael"]
[Black "Hashemi, Abbas"]
[Result "1/2-1/2"]
[WhiteElo "2155"]
[BlackElo "2129"]
[PlyCount "34"]
[EventDate "1999.04.??"]
[EventType "swiss"]
[EventRounds "9"]
[EventCountry "GER"]
[SourceTitle "EXT 2004"]
[Source "ChessBase"]
[SourceDate "2003.11.25"]
[SourceVersion "1"]
[SourceVersionDate "2003.11.25"]
[SourceQuality "1"]

1. c4 Nf6 2. g3 c6 3. Bg2 d5 4. Nf3 g6 5. b3 Bg7 6. Bb2 0-0 7. 0-0 Nbd7 8. d3 b6 9. Nbd2 Bb7 10. Rc1 Re8 11. Rc2 e5 12. cxd5 Nxd5 13. Qa1 f5 14. a3 Qe7 15. e4 Nc7 16. b4 Nb5 17. Re1 c5 1/2-1/2

[Event "Landesliga Nord 9899"]
[Site "Bayern"]
[Date "1998.10.25"]
[Round "2.3"]
[White "Hashemi, Abbas"]
[Black "Stauch, Edgar"]
[Result "1-0"]
[WhiteElo "2105"]
[BlackElo "2060"]
[PlyCount "43"]
[EventDate "1998.10.11"]
[EventType "team-tourn"]
[EventRounds "9"]
[EventCountry "GER"]
[SourceTitle "EXT 2020"]
[Source "ChessBase"]
[SourceDate "2019.10.17"]
[SourceVersion "1"]
[SourceVersionDate "2019.10.17"]
[SourceQuality "1"]
[WhiteTeam "Fuerth SF"]
[BlackTeam "Kronach"]
[WhiteTeamCountry "GER"]
[BlackTeamCountry "GER"]

1. e4 d6 2. d4 Nf6 3. Nc3 g6 4. f4 Bg7 5. Nf3 0-0 6. Be2 Nbd7 7. 0-0 c5 8. d5 Qc7 9. h3 a6 10. a4 b6 11. Be3 e6 12. dxe6 fxe6 13. Ng5 Nb8 14. Bc4 Re8 15. f5 gxf5 16. exf5 d5 17. Nxd5 Nxd5 18. Bxd5 Qe5 19. Qh5 Qxe3+ 20. Kh1 exd5 21. Qxh7+ Kf8 22. f6 1-0

[Event "Bayern-chB 69th"]
[Site "Kaufbeuren"]
[Date "1998.09.02"]
[Round "5"]
[White "Schelle, Artur"]
[Black "Hashemi, Abbas"]
[Result "1/2-1/2"]
[WhiteElo "2200"]
[BlackElo "2185"]
[PlyCount "33"]
[EventDate "1998.08.29"]
[EventType "swiss"]
[EventRounds "9"]
[EventCountry "GER"]
[SourceTitle "EXT 2001"]
[Source "ChessBase"]
[SourceDate "2000.11.22"]
[SourceVersion "1"]
[SourceVersionDate "2000.11.22"]
[SourceQuality "1"]

1. d4 Nf6 2. c4 g6 3. Nc3 d5 4. cxd5 Nxd5 5. e4 Nxc3 6. bxc3 Bg7 7. Nf3 c5 8. Rb1 0-0 9. Be2 cxd4 10. cxd4 Qa5+ 11. Bd2 Qxa2 12. 0-0 a5 13. Qc1 Bg4 14. Bc4 Qa4 15. Bb5 Qa2 16. Bc4 Qa4 17. Bb5 1/2-1/2